000 00546cam a22001691 4500
082 _a621.183
_bSTE
_cL-24, P-2
100 1 _aCroft, Terrell,
_941119
245 1 0 _aSteam boilers;
_cTerrell Croft, editor ... revised by R.B. Purdy.
250 _a2d ed.
260 _aNew York,
_aLondon,
_bMcGraw-Hill,
_c1937.
300 _axv, 417 p.
_bfold. front., illus., diagrs.
_c21 cm.
526 _a0
_b0
_c0
_d621_183000000000000_STE
650 0 _aMCE
_9379
650 0 _aSteam-boilers.
_941120
700 1 _aPurdy, Randall Brockner,
_941121
942 _2ddc
_cBK
999 _c545307
_d545307